| 000 | 00339nam a22001337a 4500 | ||
|---|---|---|---|
| 020 | _a0-13-599290-7 | ||
| 082 | _a671.52 CAR'M | ||
| 100 |
_aCARY, HOWARD B _976022 |
||
| 245 | _aMODERN WELDING TECHNOLOGY | ||
| 260 |
_aNEWJERSCY _bPRENTICE HALL _c1979 |
||
| 300 | _a0-13-599290-7 | ||
| 650 |
_aELECTRIC WELDIG WELDING _976023 |
||
| 942 | _cBK | ||
| 999 |
_c581421 _d581421 |
||